00901 2200313 4500001002100000005001500021035002000036007000300056008004100059020002200100082001100122084002000133100002600153245006300179300006000242440001700302650003000319700003200349264003600381336002100417337003000438338002300468990001600491990001600507990001600523990001600539990001600555990001600571INLIS00000000116488520241002023131 a0010-1024000030ta241002 b 0 ind  a978-979-26-9380-5 a2X1.22 aSR 2X1.22 ARI s aArif Hidayahepenulis1 aStory of dog /cArif Hidayah ; penerjemah, Adinda Presanti a6 halaman tidak bernomor :bIlustrasi berwarna ;c13 cm aWow, amazing 4aAl Quran -- Cerita-cerita0 aAdinda Presantiepenerjemah aBandung :bPelangi Mizan,c2022 2rdacontentateks 2rdamediaatanpa perantara 2rdacarrieravolume a55062.67882 a55063.67883 a55104.67924 a55063.67883 a55105.67925 a55104.67924